Loading...
| Geography | 1 | 2 | 0 | 0 | 35 | 79 | 97.33 | 2 | 3 | 0.00 | 0.00 |
| Religion | 1 | 2 | 0 | 0 | 35 | 75 | 93.67 | 1 | 3 | 0.00 | 0.00 |
| History - World | 0 | 4 | 2 | 0 | 30 | 77 | 90.75 | 1 | 3 | 0.00 | 0.00 |
| Social Science | 1 | 1 | 0 | 0 | 25 | 47 | 65.00 | 1 | 1 | 0.00 | 0.00 |
| Other Academic | 0 | 1 | 0 | 1 | 10 | 138 | 138.00 | 0 | 0 | 0.00 | 0.00 |
| History - European | 0 | 1 | 0 | 0 | 10 | 110 | 110.00 | 0 | 0 | 0.00 | 0.00 |
| Mythology | 0 | 1 | 0 | 1 | 10 | 133 | 133.00 | 0 | 0 | 0.00 | 0.00 |
| Science - Biology | 0 | 1 | 0 | 0 | 10 | 101 | 101.00 | 0 | 1 | 0.00 | 0.00 |
| Current Events | 0 | 1 | 0 | 0 | 10 | 118 | 118.00 | 0 | 0 | 0.00 | 0.00 |
| History - American | 0 | 1 | 1 | 0 | 5 | 96 | 96.00 | 1 | 1 | 0.00 | 0.00 |
| History - Other | 0 | 0 | 1 | 0 | -5 | 0.00 | 0 | 0 | 0.00 | 0.00 |